Crisis Heroes (Arrowverse) Quiz Stats

 Plays Quiz not verified by Sporcle

Support Sporcle.
Go Orange.
Score 0/25 Timer 10:00
0 Plays Today
Hint Answer % Correct
ArrowOliver Queen
97.4%
FlashBarry Allen
84.4%
SupergirlKara Danvers
83.1%
ArrowJohn Diggle
80.5%
LegendsSara Lance
77.9%
FlashCaitlin Snow
72.7%
BatwomanKate Kane
72.7%
ArrowDinah Drake
71.4%
ArrowRene Ramirez
67.5%
LegendsRay Palmer
64.9%
SupergirlClark Kent
59.7%
FlashRalph Dibny
50.6%
SupergirlJ'onn J'onzz
50.6%
Hint Answer % Correct
ArrowRoy Harper
42.9%
BatwomanBruce Wayne
41.6%
LegendsNate Heywood
37.7%
ArrowThea Queen
36.4%
FlashWally West
29.9%
SupergirlBraniac-5
24.7%
SupergirlMon-El
18.2%
FlashJesse Wells
14.3%
FlashJay Garrick
11.7%
SupergirlImra Ardeen
11.7%
LegendsKendra Saunders
9.1%
LegendsCarter Hall
7.8%

You're not logged in!

Compare scores with friends on all Sporcle quizzes.
OR
Log In

From the Vault

20 Famous Construction Projects

by georgieburgess

If you build it, they will come...
Remove Ads.
Support Sporcle.
Get the best of Sporcle when you Go Orange. This ad-free experience offers more features, more stats, and more fun while also helping to support Sporcle. Thank you for becoming a member.

Show Comments

Extras

Created Jul 17, 2019ReportNominate
Tags:Arrowverse, crisis, Here

Top Quizzes Today


Score Distribution

Your Account Isn't Verified!

In order to create a playlist on Sporcle, you need to verify the email address you used during registration. Go to your Sporcle Settings to finish the process.

Report this User

Report this user for behavior that violates our Community Guidelines.

Details: